000 00248nam a22000977a 4500
008 240220b |||||||| |||| 00| 0 eng d
082 _aDG EUR
_bCREC
100 _aCrespo, Borja
_eautor
_943477
245 _aCorto cuentos /
_cBorja Crespo
942 _2ddc
999 _c30677
_d17061